Online Catalogue and eLibrary

The constraints of desire : (Record no. 340)

MARC details
000 -LEADER
fixed length control field 00729pam a2200241 a 4500
001 - CONTROL NUMBER
control field 3399844
005 - DATE AND TIME OF LATEST TRANSACTION
control field 20240208050327.0
008 - FIXED-LENGTH DATA ELEMENTS--GENERAL INFORMATION
fixed length control field 890406s1990 nyua b 001 0 eng
020 ## - INTERNATIONAL STANDARD BOOK NUMBER
ISBN 0415901227
020 ## - INTERNATIONAL STANDARD BOOK NUMBER
ISBN 0415901235 (pbk.)
040 ## - CATALOGING SOURCE (பட்டியலாக்க மூலம்)
Original cataloging agency DLC
Transcribing agency DLC
Modifying agency DLC
082 00 - DDC Classification
Class No. 306.7
DDC Edition Number 20
Item Number - Author Mark JOH.
100 1# - MAIN ENTRY--PERSONAL NAME
Personal name Winkler, John J.
245 14 - TITLE STATEMENT
Title The constraints of desire :
Remainder of title the anthropology of sex and gender in ancient Greece /
Statement of responsibility, etc. John J. Winkler.
260 ## - PUBLICATION, DISTRIBUTION, ETC.
Place of publication, distribution, etc. New York :
Name of publisher, distributor, etc. Routledge,
Date of publication, distribution, etc. 1990
300 ## - PHYSICAL DESCRIPTION
Extent (e.g. Volumes, Pages etc.) x, 269 p. :
500 ## - GENERAL NOTE
General note Includes indexes.
500 ## - GENERAL NOTE
General note "The new ancient world"--Jacket.
650 #0 - SUBJECT ADDED ENTRY--TOPICAL TERM
Topical term or geographic name entry element Sex customs
650 #0 - SUBJECT ADDED ENTRY--TOPICAL TERM
Topical term or geographic name entry element Women
856 42 - ELECTRONIC LOCATION AND ACCESS
Uniform Resource Identifier <a href="http://www.loc.gov/catdir/enhancements/fy0651/89033156-d.html">http://www.loc.gov/catdir/enhancements/fy0651/89033156-d.html</a>
942 ## - Koha item type (Biblio)
Koha item type Books in Stacks (Lending)
Holdings
Lost status Damaged status Collection code Home library Current library Date acquired Full call number Accession Number Item type
    Lending WERC Library WERC Library 02/08/2024 306.7 JOH. 5041 Books in Stacks (Lending)

© WERC Library